| 000 | 00489nam a22001937a 4500 | ||
|---|---|---|---|
| 003 | CEME | ||
| 005 | 20210628203157.0 | ||
| 008 | 210122b xxu||||| |||| 00| 0 eng d | ||
| 020 | _a0-201-44140-3 | ||
| 040 | _c. | ||
| 082 | _a515 CAL | ||
| 100 |
_aFinney, Ross L, Demana, Franklin D, Waits, Bert K _963782 |
||
| 245 | _aCalculus, a complete course | ||
| 250 | _a2ND | ||
| 260 |
_aUSA _bADDISON WESLEY _c2000 |
||
| 300 | _aXXI,1160P | ||
| 650 |
_aCALCULUS _922221 |
||
| 942 |
_cBK _2ddc |
||
| 999 |
_c572501 _d572501 |
||